[Event "ODJM B 2025"]
[Site "Willingen GER"]
[Date "2025.06.10"]
[Round "4"]
[White "Winkler, Frida"]
[Black "Wilke, Ronja"]
[Result "0-1"]
[Termination "normal"]
[Board "41"]
[WhiteElo "1558"]
[BlackElo "1585"]
[WhiteClock "01:05:00"]
[BlackClock "00:30:07"]
[PlyCount "86"]
[WhiteFideId "34622322"]
[BlackFideId "16288378"]
[EventCountry "GER"]
[EventRounds "9"]
[EventType "swiss"]
[EventDate "2025.06.07"]

1. e4 {[%clk 01:30:58]} {[%emt 00:00:02]} c6 {[%clk 01:30:54]} {[%emt
00:00:07]} 2. d4 {[%clk 01:31:18]} {[%emt 00:00:10]} d5 {[%clk 01:31:17]}
{[%emt 00:00:06]} 3. exd5 {[%clk 01:31:41]} {[%emt 00:00:07]} cxd5 {[%clk
01:31:38]} {[%emt 00:00:10]} 4. Bd3 {[%clk 01:32:01]} {[%emt 00:00:10]} Nc6
{[%clk 01:31:58]} {[%emt 00:00:10]} 5. c3 {[%clk 01:32:24]} {[%emt 00:00:07]}
Nf6 {[%clk 01:32:12]} {[%emt 00:00:15]} 6. Bf4 {[%clk 01:32:35]} {[%emt
00:00:20]} g6 {[%clk 01:31:22]} {[%emt 00:01:21]} 7. h3 {[%clk 01:32:23]}
{[%emt 00:00:41]} Bg7 {[%clk 01:30:11]} {[%emt 00:01:40]} 8. Nf3 {[%clk
01:32:20]} {[%emt 00:00:33]} Bf5 {[%clk 01:19:05]} {[%emt 00:11:37]} 9. Bxf5
{[%clk 01:29:43]} {[%emt 00:03:07]} gxf5 {[%clk 01:19:26]} {[%emt 00:00:09]}
10. Ne5 {[%clk 01:29:56]} {[%emt 00:00:17]} Qb6 {[%clk 01:13:20]} {[%emt
00:06:36]} 11. Qe2 {[%clk 01:29:04]} {[%emt 00:01:20]} e6 {[%clk 01:13:26]}
{[%emt 00:00:26]} 12. Nxc6 {[%clk 01:28:48]} {[%emt 00:00:46]} Qxc6 {[%clk
01:13:16]} {[%emt 00:00:40]} 13. Be5 {[%clk 01:28:05]} {[%emt 00:01:13]} Qc4
{[%clk 01:08:04]} {[%emt 00:05:42]} 14. Qxc4 {[%clk 01:27:30]} {[%emt
00:01:05]} dxc4 {[%clk 01:08:27]} {[%emt 00:00:07]} 15. Na3 {[%clk 01:27:49]}
{[%emt 00:00:11]} Nh5 {[%clk 01:05:52]} {[%emt 00:03:05]} 16. Bxg7 {[%clk
01:28:07]} {[%emt 00:00:13]} Nxg7 {[%clk 01:06:16]} {[%emt 00:00:06]} 17. Nxc4
{[%clk 01:28:29]} {[%emt 00:00:08]} Kd7 {[%clk 01:05:05]} {[%emt 00:01:41]} 18.
O-O-O {[%clk 01:28:07]} {[%emt 00:00:52]} f6 {[%clk 01:04:30]} {[%emt
00:01:05]} 19. d5 {[%clk 01:27:41]} {[%emt 00:00:56]} e5 {[%clk 01:02:48]}
{[%emt 00:02:12]} 20. g4 {[%clk 01:25:19]} {[%emt 00:02:51]} Rac8 {[%clk
00:59:59]} {[%emt 00:03:20]} 21. b3 {[%clk 01:24:28]} {[%emt 00:01:19]} b5
{[%clk 00:58:54]} {[%emt 00:01:38]} 22. Na3 {[%clk 01:17:55]} {[%emt 00:07:03]}
Rxc3+ {[%clk 00:58:37]} {[%emt 00:00:46]} 23. Kb1 {[%clk 01:17:33]} {[%emt
00:00:52]} a6 {[%clk 00:53:07]} {[%emt 00:06:00]} 24. Rc1 {[%clk 01:15:25]}
{[%emt 00:02:37]} Rhc8 {[%clk 00:53:08]} {[%emt 00:00:30]} 25. Nc2 {[%clk
01:15:23]} {[%emt 00:00:30]} Kd6 {[%clk 00:52:49]} {[%emt 00:00:50]} 26. Kb2
{[%clk 01:14:35]} {[%emt 00:01:17]} a5 {[%clk 00:46:58]} {[%emt 00:06:22]} 27.
gxf5 {[%clk 01:13:58]} {[%emt 00:01:07]} Rf3 {[%clk 00:45:54]} {[%emt
00:01:35]} 28. Rh2 {[%clk 01:12:45]} {[%emt 00:01:42]} Nxf5 {[%clk 00:43:57]}
{[%emt 00:02:27]} 29. Rd1 {[%clk 01:11:08]} {[%emt 00:02:03]} b4 {[%clk
00:43:13]} {[%emt 00:01:18]} 30. Rd2 {[%clk 01:08:51]} {[%emt 00:02:46]} Rcc3
{[%clk 00:42:50]} {[%emt 00:00:54]} 31. Rd1 {[%clk 01:04:37]} {[%emt 00:04:44]}
Rxh3 {[%clk 00:39:55]} {[%emt 00:03:25]} 32. Rdh1 {[%clk 01:04:49]} {[%emt
00:00:16]} Rhf3 {[%clk 00:39:46]} {[%emt 00:00:40]} 33. Ne1 {[%clk 01:03:58]}
{[%emt 00:01:21]} Rf4 {[%clk 00:39:12]} {[%emt 00:01:04]} 34. Nc2 {[%clk
01:04:13]} {[%emt 00:00:14]} Kxd5 {[%clk 00:38:22]} {[%emt 00:01:21]} 35. Rd1+
{[%clk 01:03:32]} {[%emt 00:01:11]} Kc5 {[%clk 00:29:50]} {[%emt 00:09:02]} 36.
Rxh7 {[%clk 01:03:37]} {[%emt 00:00:25]} Rxf2 {[%clk 00:28:45]} {[%emt
00:01:35]} 37. Rc7+ {[%clk 01:04:00]} {[%emt 00:00:07]} Kb6 {[%clk 00:29:08]}
{[%emt 00:00:08]} 38. Rxc3 {[%clk 01:04:19]} {[%emt 00:00:11]} bxc3+ {[%clk
00:29:20]} {[%emt 00:00:18]} 39. Kxc3 {[%clk 01:04:36]} {[%emt 00:00:13]} Rxc2+
{[%clk 00:29:28]} {[%emt 00:00:22]} 40. Kxc2 {[%clk 01:04:49]} {[%emt
00:00:16]} Ne3+ {[%clk 00:29:49]} {[%emt 00:00:09]} 41. Kd2 {[%clk 01:05:12]}
{[%emt 00:00:07]} Nxd1 {[%clk 00:30:02]} {[%emt 00:00:16]} 42. Kxd1 {[%clk
01:05:36]} {[%emt 00:00:06]} Kc5 {[%clk 00:29:53]} {[%emt 00:00:40]} 43. Kd2
{[%clk 01:05:00]} {[%emt 00:01:06]} Kb4 {[%clk 00:30:07]} {[%emt 00:00:16]} 0-1

[Event "ODJM B 2025"]
[Site "Willingen GER"]
[Date "2025.06.10"]
[Round "4"]
[White "Kutz, Paul Matti"]
[Black "Jones, Colin"]
[Result "1-0"]
[Termination "normal"]
[Board "42"]
[WhiteElo "1838"]
[BlackElo "1531"]
[WhiteClock "01:21:02"]
[BlackClock "01:16:51"]
[PlyCount "49"]
[WhiteFideId "16296265"]
[BlackFideId "533043655"]
[EventCountry "GER"]
[EventRounds "9"]
[EventType "swiss"]
[EventDate "2025.06.07"]

1. e4 {[%clk 01:30:49]} {[%emt 00:00:11]} e5 {[%clk 01:30:55]} {[%emt
00:00:06]} 2. Nf3 {[%clk 01:31:13]} {[%emt 00:00:06]} Nc6 {[%clk 01:31:20]}
{[%emt 00:00:05]} 3. Bb5 {[%clk 01:31:40]} {[%emt 00:00:03]} a6 {[%clk
01:31:42]} {[%emt 00:00:07]} 4. Bxc6 {[%clk 01:32:04]} {[%emt 00:00:06]} dxc6
{[%clk 01:32:07]} {[%emt 00:00:05]} 5. O-O {[%clk 01:32:28]} {[%emt 00:00:06]}
Qf6 {[%clk 01:32:15]} {[%emt 00:00:22]} 6. d4 {[%clk 01:32:31]} {[%emt
00:00:27]} exd4 {[%clk 01:32:37]} {[%emt 00:00:08]} 7. Bg5 {[%clk 01:32:43]}
{[%emt 00:00:18]} Qd6 {[%clk 01:32:55]} {[%emt 00:00:12]} 8. e5 {[%clk
01:32:45]} {[%emt 00:00:28]} Qg6 {[%clk 01:32:38]} {[%emt 00:00:46]} 9. Qxd4
{[%clk 01:33:01]} {[%emt 00:00:14]} f6 {[%clk 01:32:12]} {[%emt 00:00:57]} 10.
Bh4 {[%clk 01:32:05]} {[%emt 00:01:22]} Be7 {[%clk 01:31:48]} {[%emt 00:00:57]}
11. Re1 {[%clk 01:31:01]} {[%emt 00:01:34]} Bg4 {[%clk 01:31:04]} {[%emt
00:01:14]} 12. Nbd2 {[%clk 01:28:06]} {[%emt 00:03:25]} Rd8 {[%clk 01:30:58]}
{[%emt 00:00:36]} 13. Qf4 {[%clk 01:27:51]} {[%emt 00:00:44]} f5 {[%clk
01:28:08]} {[%emt 00:03:22]} 14. e6 {[%clk 01:22:35]} {[%emt 00:05:47]} Bd6
{[%clk 01:27:45]} {[%emt 00:00:52]} 15. Ne5 {[%clk 01:21:03]} {[%emt 00:02:02]}
Bxe5 {[%clk 01:25:36]} {[%emt 00:02:39]} 16. Qxe5 {[%clk 01:21:20]} {[%emt
00:00:13]} Rxd2 {[%clk 01:25:41]} {[%emt 00:00:25]} 17. Qxc7 {[%clk 01:21:19]}
{[%emt 00:00:31]} Nf6 {[%clk 01:24:36]} {[%emt 00:01:35]} 18. e7 {[%clk
01:21:05]} {[%emt 00:00:44]} Bh3 {[%clk 01:24:05]} {[%emt 00:01:01]} 19. g3
{[%clk 01:20:06]} {[%emt 00:01:30]} f4 {[%clk 01:19:42]} {[%emt 00:04:52]} 20.
Qb8+ {[%clk 01:19:48]} {[%emt 00:00:48]} Kf7 {[%clk 01:19:36]} {[%emt
00:00:36]} 21. Qxh8 {[%clk 01:20:09]} Qxg3+ {[%clk 01:15:53]} {[%emt 00:04:22]}
22. hxg3 {[%clk 01:20:31]} {[%emt 00:00:07]} Kg6 {[%clk 01:16:17]} {[%emt
00:00:06]} 23. e8=Q+ {[%clk 01:20:44]} {[%emt 00:00:17]} Kh6 {[%clk 01:16:43]}
{[%emt 00:00:05]} 24. gxf4 {[%clk 01:20:39]} {[%emt 00:00:34]} Ng4 {[%clk
01:16:51]} {[%emt 00:00:23]} 25. Bg5# {[%clk 01:21:02]} {[%emt 00:00:07]} 1-0

[Event "ODJM B 2025"]
[Site "Willingen GER"]
[Date "2025.06.10"]
[Round "4"]
[White "de Cauter, Leah"]
[Black "Han, Erdem"]
[Result "0-1"]
[Termination "normal"]
[Board "43"]
[WhiteElo "1649"]
[BlackElo "1765"]
[WhiteClock "00:06:12"]
[BlackClock "00:53:56"]
[PlyCount "34"]
[WhiteFideId "16222350"]
[BlackFideId "533000646"]
[EventCountry "GER"]
[EventRounds "9"]
[EventType "swiss"]
[EventDate "2025.06.07"]

1. c4 {[%clk 01:30:57]} {[%emt 00:00:02]} c6 {[%clk 01:30:54]} {[%emt
00:00:06]} 2. g3 {[%clk 01:30:54]} {[%emt 00:00:34]} d5 {[%clk 01:31:01]}
{[%emt 00:00:22]} 3. cxd5 {[%clk 01:29:30]} {[%emt 00:01:54]} cxd5 {[%clk
01:31:04]} {[%emt 00:00:27]} 4. Nf3 {[%clk 01:27:12]} {[%emt 00:02:47]} Nf6
{[%clk 01:30:59]} {[%emt 00:00:35]} 5. Bg2 {[%clk 01:22:35]} {[%emt 00:05:06]}
Nc6 {[%clk 01:31:04]} {[%emt 00:00:26]} 6. d4 {[%clk 01:08:43]} {[%emt
00:14:22]} Bf5 {[%clk 01:28:24]} {[%emt 00:03:08]} 7. Nc3 {[%clk 01:06:03]}
{[%emt 00:03:12]} h6 {[%clk 01:26:11]} {[%emt 00:02:43]} 8. h3 {[%clk
00:46:16]} {[%emt 00:20:17]} e6 {[%clk 01:24:26]} {[%emt 00:02:16]} 9. a3
{[%clk 00:45:10]} {[%emt 00:01:37]} Bd6 {[%clk 01:23:32]} {[%emt 00:01:23]} 10.
b4 {[%clk 00:37:24]} {[%emt 00:08:16]} O-O {[%clk 01:22:07]} {[%emt 00:01:55]}
11. O-O {[%clk 00:33:45]} {[%emt 00:04:08]} Rc8 {[%clk 01:20:18]} {[%emt
00:02:20]} 12. Bb2 {[%clk 00:24:59]} {[%emt 00:09:17]} Re8 {[%clk 01:11:06]}
{[%emt 00:09:41]} 13. Nh4 {[%clk 00:18:55]} {[%emt 00:06:34]} Bh7 {[%clk
01:08:38]} {[%emt 00:02:57]} 14. f4 {[%clk 00:14:56]} {[%emt 00:04:29]} Nh5
{[%clk 01:01:37]} {[%emt 00:07:31]} 15. Kh2 {[%clk 00:11:22]} {[%emt 00:04:04]}
Nxg3 {[%clk 00:54:01]} {[%emt 00:08:06]} 16. Kxg3 {[%clk 00:11:08]} {[%emt
00:00:45]} Qg5+ {[%clk 00:54:15]} {[%emt 00:00:16]} 17. Kf3 {[%clk 00:06:12]}
{[%emt 00:05:24]} Qxf4# {[%clk 00:53:56]} {[%emt 00:00:18]} 0-1

[Event "ODJM B 2025"]
[Site "Willingen GER"]
[Date "2025.06.10"]
[Round "4"]
[White "Jacoby, Angelina"]
[Black "Rempe, Mieke"]
[Result "1-0"]
[Termination "normal"]
[Board "44"]
[WhiteElo "1707"]
[BlackElo "1779"]
[WhiteClock "00:05:25"]
[BlackClock "00:21:01"]
[PlyCount "117"]
[WhiteFideId "12999008"]
[BlackFideId "16202384"]
[EventCountry "GER"]
[EventRounds "9"]
[EventType "swiss"]
[EventDate "2025.06.07"]

1. d4 {[%clk 01:30:56]} {[%emt 00:00:03]} d5 {[%clk 01:30:55]} {[%emt
00:00:05]} 2. c4 {[%clk 01:31:14]} {[%emt 00:00:13]} e6 {[%clk 01:30:38]}
{[%emt 00:00:46]} 3. Nc3 {[%clk 01:31:08]} {[%emt 00:00:36]} Bb4 {[%clk
01:30:28]} {[%emt 00:00:40]} 4. cxd5 {[%clk 01:22:29]} {[%emt 00:09:08]} exd5
{[%clk 01:27:21]} {[%emt 00:03:37]} 5. Qc2 {[%clk 01:12:33]} {[%emt 00:10:26]}
Nc6 {[%clk 01:23:50]} {[%emt 00:04:02]} 6. e3 {[%clk 01:11:10]} {[%emt
00:01:53]} Qe7 {[%clk 01:22:52]} {[%emt 00:01:28]} 7. Nge2 {[%clk 01:08:13]}
{[%emt 00:03:27]} Nf6 {[%clk 01:17:52]} {[%emt 00:05:29]} 8. Bd2 {[%clk
01:04:31]} {[%emt 00:04:11]} g6 {[%clk 01:16:10]} {[%emt 00:02:13]} 9. a3
{[%clk 00:59:52]} {[%emt 00:05:09]} Bxc3 {[%clk 01:11:05]} {[%emt 00:05:35]}
10. Bxc3 {[%clk 00:59:36]} {[%emt 00:00:47]} Ne4 {[%clk 00:59:08]} {[%emt
00:12:27]} 11. Nf4 {[%clk 00:55:40]} {[%emt 00:04:26]} Bf5 {[%clk 00:43:16]}
{[%emt 00:16:22]} 12. Qb3 {[%clk 00:44:45]} {[%emt 00:11:25]} O-O-O {[%clk
00:32:57]} {[%emt 00:10:49]} 13. Be2 {[%clk 00:24:01]} {[%emt 00:21:14]} Qh4
{[%clk 00:22:44]} {[%emt 00:10:42]} 14. g3 {[%clk 00:19:55]} {[%emt 00:04:37]}
Qe7 {[%clk 00:19:17]} {[%emt 00:03:57]} 15. O-O {[%clk 00:10:44]} {[%emt
00:09:41]} Ng5 {[%clk 00:15:00]} {[%emt 00:04:48]} 16. Rfc1 {[%clk 00:08:04]}
{[%emt 00:03:10]} Qe4 {[%clk 00:10:41]} {[%emt 00:04:48]} 17. Qd1 {[%clk
00:05:29]} {[%emt 00:03:06]} h5 {[%clk 00:08:07]} {[%emt 00:03:05]} 18. h4
{[%clk 00:04:23]} {[%emt 00:01:35]} Nh3+ {[%clk 00:07:13]} {[%emt 00:01:24]}
19. Nxh3 {[%clk 00:04:39]} {[%emt 00:00:15]} Bxh3 {[%clk 00:07:37]} {[%emt
00:00:05]} 20. Bf3 {[%clk 00:04:20]} {[%emt 00:00:49]} Qf5 {[%clk 00:07:50]}
{[%emt 00:00:17]} 21. Bg2 {[%clk 00:04:19]} {[%emt 00:00:31]} g5 {[%clk
00:07:32]} {[%emt 00:00:48]} 22. hxg5 {[%clk 00:04:00]} {[%emt 00:00:49]} h4
{[%clk 00:07:21]} {[%emt 00:00:40]} 23. Qf3 {[%clk 00:03:57]} {[%emt 00:00:33]}
Qe6 {[%clk 00:07:10]} {[%emt 00:00:42]} 24. Bxh3 {[%clk 00:03:02]} {[%emt
00:01:25]} Qxh3 {[%clk 00:07:33]} {[%emt 00:00:07]} 25. Qg2 {[%clk 00:02:56]}
{[%emt 00:00:37]} Qf5 {[%clk 00:03:31]} {[%emt 00:04:32]} 26. Kf1 {[%clk
00:01:57]} {[%emt 00:01:29]} Rdg8 {[%clk 00:03:09]} {[%emt 00:00:52]} 27. Ke2
{[%clk 00:01:40]} {[%emt 00:00:47]} Rxg5 {[%clk 00:03:18]} {[%emt 00:00:20]}
28. Rh1 {[%clk 00:01:48]} {[%emt 00:00:22]} h3 {[%clk 00:02:38]} {[%emt
00:01:10]} 29. Qf3 {[%clk 00:01:29]} {[%emt 00:00:49]} Qc2+ {[%clk 00:01:51]}
{[%emt 00:01:17]} 30. Ke1 {[%clk 00:01:13]} {[%emt 00:00:46]} Rf5 {[%clk
00:01:40]} {[%emt 00:00:40]} 31. Qe2 {[%clk 00:01:39]} {[%emt 00:00:05]} Qe4
{[%clk 00:01:55]} {[%emt 00:00:16]} 32. Kd2 {[%clk 00:01:57]} {[%emt 00:00:11]}
Rh6 {[%clk 00:01:59]} {[%emt 00:00:26]} 33. Raf1 {[%clk 00:01:38]} {[%emt
00:00:49]} Rf3 {[%clk 00:01:20]} {[%emt 00:01:08]} 34. Rh2 {[%clk 00:01:42]}
{[%emt 00:00:27]} Ne7 {[%clk 00:01:25]} {[%emt 00:00:26]} 35. Rfh1 {[%clk
00:01:08]} {[%emt 00:01:04]} Qf5 {[%emt 00:00:48]} 36. Rf1 {[%clk 00:01:17]}
Ng8 {[%clk 00:01:41]} {[%emt 00:00:17]} 37. Qd3 {[%clk 00:01:25]} {[%emt
00:00:22]} Nf6 {[%clk 00:01:18]} {[%emt 00:00:52]} 38. Qxf5+ {[%clk 00:01:25]}
{[%emt 00:00:30]} Rxf5 {[%clk 00:01:44]} {[%emt 00:00:04]} 39. Ke2 {[%clk
00:00:40]} {[%emt 00:01:15]} Ng4 {[%clk 00:02:00]} {[%emt 00:00:14]} 40. Rhh1
{[%clk 00:01:00]} {[%emt 00:00:11]} Rh8 {[%clk 00:01:05]} {[%emt 00:01:24]} 41.
f3 {[%clk 00:24:11]} {[%emt 00:07:19]} Nf6 {[%clk 00:31:29]} {[%emt 00:00:06]}
42. g4 {[%clk 00:21:19]} {[%emt 00:03:22]} Rg5 {[%clk 00:31:53]} {[%emt
00:00:07]} 43. Rh2 {[%clk 00:16:44]} {[%emt 00:05:05]} Nd7 {[%clk 00:20:38]}
{[%emt 00:11:44]} 44. Rfh1 {[%clk 00:14:28]} {[%emt 00:02:47]} Nb6 {[%clk
00:21:02]} {[%emt 00:00:06]} 45. Rxh3 {[%clk 00:14:32]} {[%emt 00:00:26]} Rxh3
{[%clk 00:21:14]} {[%emt 00:00:19]} 46. Rxh3 {[%clk 00:14:51]} {[%emt
00:00:10]} Na4 {[%clk 00:21:38]} {[%emt 00:00:06]} 47. Rh5 {[%clk 00:13:50]}
{[%emt 00:01:30]} f6 {[%clk 00:21:48]} {[%emt 00:00:20]} 48. Rxg5 {[%clk
00:12:24]} {[%emt 00:01:56]} fxg5 {[%clk 00:22:12]} {[%emt 00:00:06]} 49. f4
{[%clk 00:11:59]} {[%emt 00:00:55]} gxf4 {[%clk 00:20:39]} {[%emt 00:02:03]}
50. exf4 {[%clk 00:12:24]} {[%emt 00:00:05]} Kd7 {[%clk 00:20:15]} {[%emt
00:00:54]} 51. Kf3 {[%clk 00:12:24]} {[%emt 00:00:31]} b6 {[%clk 00:19:57]}
{[%emt 00:00:48]} 52. f5 {[%clk 00:11:16]} {[%emt 00:01:38]} c5 {[%clk
00:20:20]} {[%emt 00:00:07]} 53. g5 {[%clk 00:07:57]} {[%emt 00:03:49]} b5
{[%clk 00:20:11]} {[%emt 00:00:39]} 54. dxc5 {[%clk 00:07:00]} {[%emt
00:01:27]} Nxc5 {[%clk 00:20:35]} {[%emt 00:00:05]} 55. Bd4 {[%clk 00:06:54]}
{[%emt 00:00:36]} Ne4 {[%clk 00:20:51]} {[%emt 00:00:15]} 56. Kf4 {[%clk
00:06:47]} {[%emt 00:00:37]} a5 {[%clk 00:20:30]} {[%emt 00:00:50]} 57. g6
{[%clk 00:06:22]} {[%emt 00:00:55]} Ke7 {[%clk 00:20:54]} {[%emt 00:00:06]} 58.
Ke5 {[%clk 00:05:10]} {[%emt 00:01:42]} Nf6 {[%clk 00:21:01]} {[%emt 00:00:23]}
59. Bc5+ {[%clk 00:05:25]} {[%emt 00:00:14]} 1-0

[Event "ODJM B 2025"]
[Site "Willingen GER"]
[Date "2025.06.10"]
[Round "4"]
[White "Othman, Beesan"]
[Black "Leonhardt, Lukas"]
[Result "1-0"]
[Termination "normal"]
[Board "45"]
[WhiteElo "1732"]
[BlackElo "1673"]
[WhiteClock "00:03:58"]
[BlackClock "00:00:38"]
[PlyCount "118"]
[WhiteFideId "34640738"]
[BlackFideId "34683950"]
[EventCountry "GER"]
[EventRounds "9"]
[EventType "swiss"]
[EventDate "2025.06.07"]

1. e4 {[%emt 00:00:27]} e5 {[%clk 01:30:20]} {[%emt 00:00:15]} 2. Nf3 {[%clk
01:31:16]} {[%emt 00:00:13]} Nc6 {[%emt 00:01:04]} 3. d4 {[%clk 01:31:40]} exd4
{[%clk 01:28:53]} {[%emt 00:01:27]} 4. Nxd4 {[%clk 01:32:03]} {[%emt 00:00:08]}
Nf6 {[%clk 01:18:20]} {[%emt 00:11:03]} 5. Nxc6 {[%emt 00:00:59]} bxc6 {[%clk
01:17:28]} {[%emt 00:01:19]} 6. e5 {[%clk 01:31:58]} {[%emt 00:00:09]} Nd5
{[%clk 01:08:36]} {[%emt 00:09:21]} 7. c4 {[%clk 01:27:36]} {[%emt 00:04:52]}
Nb6 {[%clk 01:04:53]} {[%emt 00:04:13]} 8. Nc3 {[%clk 01:26:57]} {[%emt
00:01:10]} Be7 {[%clk 00:56:33]} {[%emt 00:08:51]} 9. Bd3 {[%emt 00:24:30]} O-O
{[%clk 00:46:26]} {[%emt 00:10:34]} 10. O-O {[%clk 01:02:27]} {[%emt 00:01:02]}
d5 {[%clk 00:41:59]} {[%emt 00:04:57]} 11. Qh5 {[%clk 00:41:52]} {[%emt
00:21:05]} g6 {[%clk 00:35:36]} {[%emt 00:06:53]} 12. Qf3 {[%clk 00:40:28]}
{[%emt 00:01:53]} Bb7 {[%clk 00:21:21]} {[%emt 00:14:46]} 13. Rd1 {[%clk
00:37:09]} {[%emt 00:03:49]} d4 {[%clk 00:14:56]} {[%emt 00:06:54]} 14. Ne2
{[%clk 00:29:21]} {[%emt 00:08:18]} Rb8 {[%clk 00:11:18]} {[%emt 00:04:09]} 15.
Be4 {[%clk 00:24:26]} {[%emt 00:05:25]} Nxc4 {[%clk 00:09:42]} {[%emt
00:02:05]} 16. Bf4 {[%clk 00:08:18]} {[%emt 00:16:38]} Nxb2 {[%clk 00:04:51]}
{[%emt 00:05:22]} 17. Rxd4 {[%emt 00:02:08]} Qe8 {[%clk 00:03:53]} {[%emt
00:01:26]} 18. Bh6 {[%clk 00:03:33]} {[%emt 00:03:39]} c5 {[%clk 00:02:10]}
{[%emt 00:02:13]} 19. Rd2 {[%clk 00:02:10]} {[%emt 00:01:53]} Nc4 {[%clk
00:02:12]} {[%emt 00:00:28]} 20. Rdd1 {[%clk 00:00:50]} {[%emt 00:01:48]} Bxe4
{[%clk 00:01:52]} {[%emt 00:00:52]} 21. Qxe4 {[%clk 00:01:14]} {[%emt
00:00:05]} Nb2 {[%clk 00:01:57]} {[%emt 00:00:25]} 22. Rd2 {[%clk 00:01:17]}
{[%emt 00:00:28]} Bf6 {[%clk 00:02:07]} {[%emt 00:00:20]} 23. Rb1 {[%clk
00:00:47]} {[%emt 00:01:00]} Bxe5 {[%clk 00:02:17]} {[%emt 00:00:19]} 24. Qg4
{[%clk 00:00:37]} {[%emt 00:00:41]} f5 {[%clk 00:00:50]} {[%emt 00:01:57]} 25.
Qf3 {[%clk 00:00:37]} {[%emt 00:00:24]} Rf6 {[%emt 00:00:49]} 26. Rbxb2 {[%clk
00:00:33]} {[%emt 00:00:33]} Rxb2 {[%clk 00:00:41]} {[%emt 00:00:27]} 27. Rxb2
{[%clk 00:01:01]} {[%emt 00:00:02]} Bxb2 {[%clk 00:00:52]} {[%emt 00:00:19]}
28. Qb3+ {[%clk 00:01:30]} Re6 {[%clk 00:00:56]} {[%emt 00:00:25]} 29. Qxb2
{[%clk 00:01:49]} {[%emt 00:00:11]} Qf7 {[%clk 00:00:43]} {[%emt 00:00:43]} 30.
Kf1 {[%clk 00:01:28]} {[%emt 00:00:51]} Qd7 {[%clk 00:00:43]} {[%emt 00:00:30]}
31. Qb3 {[%clk 00:00:44]} {[%emt 00:01:14]} c4 {[%clk 00:00:47]} {[%emt
00:00:27]} 32. Qc2 {[%clk 00:00:55]} {[%emt 00:00:19]} Qd3 {[%clk 00:00:58]}
{[%emt 00:00:18]} 33. Qd2 {[%clk 00:00:31]} {[%emt 00:00:56]} Qxd2 {[%clk
00:00:45]} {[%emt 00:00:42]} 34. Bxd2 {[%emt 00:00:03]} Ra6 {[%clk 00:00:52]}
{[%emt 00:00:21]} 35. Nc3 {[%clk 00:01:16]} {[%emt 00:00:14]} Kf7 {[%clk
00:01:11]} {[%emt 00:00:10]} 36. Bf4 {[%clk 00:00:50]} {[%emt 00:00:56]} Ra3
{[%clk 00:01:26]} {[%emt 00:00:16]} 37. Bd2 {[%clk 00:00:52]} {[%emt 00:00:28]}
Kf6 {[%clk 00:01:28]} {[%emt 00:00:27]} 38. Bc1 {[%clk 00:00:40]} {[%emt
00:00:42]} Ra6 {[%clk 00:01:14]} {[%emt 00:00:32]} 39. Ke2 {[%clk 00:00:52]}
{[%emt 00:00:29]} g5 {[%clk 00:01:10]} {[%emt 00:00:34]} 40. a3 {[%clk
00:00:33]} {[%emt 00:00:50]} h6 {[%clk 00:00:50]} {[%emt 00:00:50]} 41. Nd5+
{[%clk 00:17:15]} {[%emt 00:13:48]} Ke5 {[%clk 00:22:51]} {[%emt 00:08:29]} 42.
Ne3 {[%clk 00:14:17]} {[%emt 00:03:29]} Rc6 {[%clk 00:11:47]} {[%emt 00:11:34]}
43. g3 {[%clk 00:11:17]} {[%emt 00:03:29]} c3 {[%clk 00:04:58]} {[%emt
00:07:19]} 44. Kd3 {[%clk 00:09:55]} {[%emt 00:01:52]} Rd6+ {[%clk 00:03:46]}
{[%emt 00:01:41]} 45. Kxc3 {[%clk 00:10:10]} {[%emt 00:00:15]} Ke4 {[%clk
00:03:40]} {[%emt 00:00:36]} 46. Nc2 {[%clk 00:05:45]} {[%emt 00:04:55]} f4
{[%clk 00:01:35]} {[%emt 00:02:35]} 47. h4 {[%clk 00:03:00]} {[%emt 00:03:15]}
fxg3 {[%clk 00:01:14]} {[%emt 00:00:50]} 48. fxg3 {[%clk 00:03:10]} {[%emt
00:00:21]} Kf5 {[%clk 00:01:06]} {[%emt 00:00:38]} 49. hxg5 {[%clk 00:01:59]}
{[%emt 00:01:41]} hxg5 {[%clk 00:01:28]} {[%emt 00:00:08]} 50. Be3 {[%clk
00:01:14]} {[%emt 00:01:16]} a5 {[%clk 00:01:02]} {[%emt 00:00:53]} 51. Bc5
{[%clk 00:01:10]} {[%emt 00:00:37]} Rc6 {[%clk 00:01:13]} {[%emt 00:00:19]} 52.
Nd4+ {[%clk 00:01:37]} {[%emt 00:00:02]} Kg4 {[%clk 00:01:08]} {[%emt
00:00:35]} 53. Nxc6 {[%clk 00:01:56]} {[%emt 00:00:12]} Kxg3 {[%clk 00:01:24]}
{[%emt 00:00:13]} 54. Nxa5 {[%clk 00:02:10]} {[%emt 00:00:15]} Kh2 {[%clk
00:01:22]} {[%emt 00:00:31]} 55. Nc4 {[%clk 00:02:31]} {[%emt 00:00:09]} g4
{[%clk 00:01:14]} {[%emt 00:00:38]} 56. a4 {[%clk 00:02:56]} {[%emt 00:00:06]}
g3 {[%clk 00:01:05]} {[%emt 00:00:38]} 57. a5 {[%clk 00:03:15]} {[%emt
00:00:11]} c6 {[%clk 00:00:59]} {[%emt 00:00:36]} 58. a6 {[%clk 00:03:37]}
{[%emt 00:00:08]} g2 {[%clk 00:00:52]} {[%emt 00:00:36]} 59. a7 {[%clk
00:03:58]} {[%emt 00:00:10]} Kh1 {[%clk 00:00:38]} {[%emt 00:00:43]} 1-0